| 000 | | | 03707nmc2a22000003x 450 |
| 001 | | | 14b9c372-2a07-492c-9076-9e0042c04bb7 |
| 005 | | | 20190430145055.0 |
| 100 | ## | $a | 20180918l18921892k l0rusy0189 ca |
| 101 | 0# | $a | rus |
| 102 | ## | $a | RU |
| 200 | 1# | $a | Разрез лесов для реставрации стен южного портика до юго-западного угла собора |
| | $j | 1892 г. |
| | $e | (чертеж в колерах) |
| 251 | ## | $c | Дело |
| 300 | ## | $a | Реставрация Исаакиевского собора. Наружные леса |
| 801 | #0 | $a | RU |
| | $b | РГИА |
| | $c | 20180918 |
| | $g | RCR |
| 801 | #1 | $a | RU |
| | $b | ГлавНИВЦ |
| | $c | 20180918 |
| | $2 | rusmarc |
| 801 | #2 | $a | RU |
| | $b | ПБ им. Б.Н. Ельцина |
| | $c | 20190430 |
| | $g | RCR |
| | $2 | rusmarc |
| 850 | ## | $a | РГИА |
| 852 | ## | $a | РГИА |
| | $e | Федеральное казенное учреждение "Российский государственный исторический архив" (РГИА) |
| | $j | 561 |
| 937 | ## | $h | РГИА |
| | $d | 12266830 |
| | $a | ASBIBLIO_SCAN |
| 462 | #0 | $1 | 001900f56e9-7b99-4449-85b3-59c9d748bc9c |
| | $1 | 2001 |
| | $a | 1820-1913 гг. |
| | $1 | 251 |
| | $c | Опись |
| | $1 | 852 |
| | $j | 2 |
| 461 | #0 | $1 | 00125a8a0c1-b62b-4a3b-b883-4264dbd1873b |
| | $1 | 2001 |
| | $a | Кабинет архитектора Монферрана (коллекция) |
| | $1 | 251 |
| | $c | Фонд |
| | $1 | 852 |
| | $j | 502 |
| 215 | ## | $a | 1 л. |
| | $c | черт. |
| | $d | 64х48 см |
| 371 | ## | $a | Документ не является опубликованным и широко распространяемым |
| 105 | ## | $a | a### |
| 122 | 2# | $a | d |
| 035 | ## | $a | 14b9c372-2a07-492c-9076-9e0042c04bb7 |
| 856 | ## | $u | http://readingroom.main.prlib.ru/item.aspx?id_node=n129146283&mode=full |